000 00284nam a2200085Ia 4500
008 220120s9999||||xx |||||||||||||| ||und||
100 _aSanjay, Gowtham Prasad and Ganapathy
_912726
245 0 _aCarbon dioxide adsorbing concrete blocks
260 _aCoorg Institute of Technology
_bPonnampet
999 _c138326
_d138326